[Event "Titled Tuesday intern op 08th Mar Early"]
[Site "Chess.com INT"]
[Date "2022.03.08"]
[Round "2"]
[White "Jakubowska, Anna"]
[Black "Alavi, Sayed Javad"]
[Result "0-1"]
[WhiteElo "2127"]
[BlackElo "2446"]
[PlyCount "31"]
[EventDate "2022.03.08"]
[EventType "swiss (blitz)"]
[EventRounds "11"]
[EventCountry "USA"]
[SourceTitle "CBM 207 Extra"]
[Source "ChessBase"]
[SourceDate "2022.05.31"]
[SourceVersion "1"]
[SourceVersionDate "2022.05.31"]
[SourceQuality "1"]

1. e4 c5 2. Nc3 e6 3. g3 d5 4. exd5 exd5 5. d4 cxd4 6. Qxd4 Nf6 7. Bg5 Be7 8. 0-0-0 Nc6 9. Bb5 0-0 10. Qd2 Qa5 11. Nf3 d4 12. Nxd4 Nxd4 13. Qxd4 a6 14. Bc4 Qxg5+ 15. f4 Qc5 16. Qe4 0-1

[Event "Titled Tuesday intern op 08th Mar Early"]
[Site "Chess.com INT"]
[Date "2022.03.08"]
[Round "5"]
[White "Kamsky, Gata"]
[Black "Alavi, Sayed Javad"]
[Result "1/2-1/2"]
[WhiteElo "2658"]
[BlackElo "2446"]
[PlyCount "98"]
[EventDate "2022.03.08"]
[EventType "swiss (blitz)"]
[EventRounds "11"]
[EventCountry "USA"]
[SourceTitle "CBM 207 Extra"]
[Source "ChessBase"]
[SourceDate "2022.05.31"]
[SourceVersion "1"]
[SourceVersionDate "2022.05.31"]
[SourceQuality "1"]

1. d4 Nf6 2. Nf3 d5 3. Bf4 e6 4. e3 Bd6 5. Bxd6 Qxd6 6. c4 dxc4 7. Nc3 a6 8. Bxc4 0-0 9. 0-0 c5 10. e4 cxd4 11. e5 Qc5 12. Qxd4 Qxd4 13. Nxd4 Nfd7 14. f4 b5 15. Be2 Bb7 16. Rfd1 Nb6 17. a4 b4 18. a5 bxc3 19. axb6 cxb2 20. Rab1 Nd7 21. Rxb2 Nc5 22. Rc1 Rfc8 23. f5 Na4 24. Rxc8+ Rxc8 25. Rb4 Rc1+ 26. Kf2 Nc5 27. fxe6 fxe6 28. Ke3 Kf7 29. Bf3 Ke7 30. Bxb7 Nxb7 31. Ra4 Nc5 32. Rb4 Nb7 33. Ra4 a5 34. Kd2 Rc5 35. Nf3 Rb5 36. Rh4 h6 37. Rg4 g5 38. h4 Rxb6 39. hxg5 hxg5 40. Rxg5 a4 41. Rg7+ Kf8 42. Rc7 a3 43. Rc8+ Ke7 44. Ra8 Rb2+ 45. Kc3 Rxg2 46. Rxa3 Nc5 47. Kd4 Nd7 48. Ra7 Rg4+ 49. Ke3 Ke8 1/2-1/2

[Event "Titled Tuesday intern op 01st Mar Early"]
[Site "Chess.com INT"]
[Date "2022.03.01"]
[Round "10"]
[White "Alavi, Sayed Javad"]
[Black "Kanyamarala, Tarun"]
[Result "0-1"]
[WhiteElo "2446"]
[BlackElo "2343"]
[PlyCount "103"]
[EventDate "2022.03.01"]
[EventType "swiss (blitz)"]
[EventRounds "11"]
[EventCountry "USA"]
[SourceTitle "CBM 207 Extra"]
[Source "ChessBase"]
[SourceDate "2022.05.31"]
[SourceVersion "1"]
[SourceVersionDate "2022.05.31"]
[SourceQuality "1"]

1. e4 c5 2. Nf3 Nc6 3. Bb5 g6 4. Bxc6 dxc6 5. d3 Bg7 6. h3 Nf6 7. Nc3 Nd7 8. Be3 e5 9. Qd2 h6 10. 0-0-0 b6 11. h4 Nf8 12. h5 g5 13. Ne2 Ne6 14. Ng3 Nf4 15. Bxf4 exf4 16. Nf5 Bxf5 17. exf5 0-0 18. Kb1 Qf6 19. c3 Qxf5 20. Qc2 Rfe8 21. Rde1 Rxe1+ 22. Rxe1 Rd8 23. Kc1 Bf6 24. Nd2 Qxd3 25. Re8+ Kg7 26. Qxd3 Rxd3 27. Ne4 Rd7 28. Rc8 Be5 29. Rxc6 Rc7 30. Rxc7 Bxc7 31. f3 f5 32. Nf2 c4 33. b3 b5 34. bxc4 bxc4 35. Kd2 Kf6 36. Nd1 g4 37. Ke2 Kg5 38. Nb2 Kxh5 39. Nxc4 Kh4 40. Kf2 h5 41. a3 Kg5 42. Kf1 Kf6 43. Nb2 Ke5 44. Nd3+ Kd5 45. Ke2 Kc4 46. Kd2 h4 47. Nb2+ Kb3 48. Nd1 Kxa3 49. Nf2 Bb6 50. Nd3 gxf3 51. gxf3 h3 52. Ne5 0-1

[Event "Titled Tuesday intern op 01st Mar Early"]
[Site "Chess.com INT"]
[Date "2022.03.01"]
[Round "7"]
[White "Alavi, Sayed Javad"]
[Black "Krishnan, Varun"]
[Result "0-1"]
[WhiteElo "2446"]
[BlackElo "2203"]
[PlyCount "68"]
[EventDate "2022.03.01"]
[EventType "swiss (blitz)"]
[EventRounds "11"]
[EventCountry "USA"]
[SourceTitle "CBM 207 Extra"]
[Source "ChessBase"]
[SourceDate "2022.05.31"]
[SourceVersion "1"]
[SourceVersionDate "2022.05.31"]
[SourceQuality "1"]

1. e4 c5 2. Nf3 e6 3. d4 cxd4 4. Nxd4 Nc6 5. Nc3 Qc7 6. g3 Nf6 7. Bg2 a6 8. 0-0 Be7 9. Re1 d6 10. Nxc6 bxc6 11. e5 dxe5 12. Rxe5 0-0 13. Re1 Rd8 14. Qe2 Bb7 15. b3 c5 16. Bf4 Bd6 17. Bxd6 Rxd6 18. Bxb7 Qxb7 19. Na4 Rc8 20. Nb2 Rd4 21. Nc4 Ne4 22. Qe3 Nf6 23. Rad1 Rcd8 24. Rxd4 cxd4 25. Qe5 h6 26. Rd1 Ne4 27. Rxd4 Rxd4 28. Qxd4 Ng5 29. Qd8+ Kh7 30. Qd3+ Kg8 31. Ne5 Nh3+ 32. Kf1 Qh1+ 33. Ke2 Qxh2 34. Qf3 Ng1+ 0-1

[Event "Titled Tuesday intern op 01st Mar Early"]
[Site "Chess.com INT"]
[Date "2022.03.01"]
[Round "11"]
[White "Alavi, Sayed Javad"]
[Black "Santos Flores, Alberto Javier"]
[Result "1-0"]
[WhiteElo "2446"]
[BlackElo "2168"]
[PlyCount "81"]
[EventDate "2022.03.01"]
[EventType "swiss (blitz)"]
[EventRounds "11"]
[EventCountry "USA"]
[SourceTitle "CBM 207 Extra"]
[Source "ChessBase"]
[SourceDate "2022.05.31"]
[SourceVersion "1"]
[SourceVersionDate "2022.05.31"]
[SourceQuality "1"]

1. Nf3 d5 2. d4 Nf6 3. c4 c6 4. e3 Bf5 5. Nc3 e6 6. Nh4 Bg4 7. Qb3 Qb6 8. h3 Bh5 9. g4 Bg6 10. Nxg6 hxg6 11. Bg2 Nbd7 12. Bd2 Be7 13. g5 Nh5 14. h4 Qxb3 15. axb3 a6 16. Ne2 Bd6 17. f4 0-0 18. Kf2 b5 19. c5 Bc7 20. Ba5 Bb8 21. Bh3 Re8 22. Ra2 Ba7 23. Rha1 Rac8 24. Nc1 Kf8 25. Nd3 Nb8 26. Bd2 Rc7 27. Nb4 f6 28. Nxa6 Nxa6 29. Rxa6 Bb8 30. Ra8 e5 31. gxf6 gxf6 32. f5 gxf5 33. Bxf5 Ng7 34. Bg6 Rec8 35. h5 Ne6 36. Bf5 Ke7 37. h6 Rh8 38. Rg1 Rcc8 39. h7 Rcf8 40. Ra6 Kd7 41. Rg7+ 1-0

[Event "Titled Tuesday intern op 01st Mar Early"]
[Site "Chess.com INT"]
[Date "2022.03.01"]
[Round "2"]
[White "Alavi, Sayed Javad"]
[Black "Thomas, Anysia"]
[Result "1-0"]
[WhiteElo "2446"]
[BlackElo "2163"]
[PlyCount "45"]
[EventDate "2022.03.01"]
[EventType "swiss (blitz)"]
[EventRounds "11"]
[EventCountry "USA"]
[SourceTitle "CBM 207 Extra"]
[Source "ChessBase"]
[SourceDate "2022.05.31"]
[SourceVersion "1"]
[SourceVersionDate "2022.05.31"]
[SourceQuality "1"]

1. e4 c5 2. Nf3 g6 3. c3 d5 4. exd5 Qxd5 5. d4 Bg7 6. dxc5 Qxc5 7. Be3 Qa5 8. Bc4 Nf6 9. 0-0 0-0 10. h3 Nc6 11. Nbd2 Bf5 12. a4 Rad8 13. Re1 Bd3 14. Qb3 Bxc4 15. Nxc4 Qc7 16. a5 Nd5 17. Bc5 Rfe8 18. Red1 Ne5 19. Ncxe5 Qxc5 20. Nxf7 Kxf7 21. Ng5+ Kf6 22. Ne4+ Kf7 23. Nxc5 1-0

[Event "Titled Tuesday intern op 01st Mar Early"]
[Site "Chess.com INT"]
[Date "2022.03.01"]
[Round "4"]
[White "Moskalenko, Alexander"]
[Black "Alavi, Sayed Javad"]
[Result "1/2-1/2"]
[WhiteElo "2514"]
[BlackElo "2446"]
[PlyCount "133"]
[EventDate "2022.03.01"]
[EventType "swiss (blitz)"]
[EventRounds "11"]
[EventCountry "USA"]
[SourceTitle "CBM 207 Extra"]
[Source "ChessBase"]
[SourceDate "2022.05.31"]
[SourceVersion "1"]
[SourceVersionDate "2022.05.31"]
[SourceQuality "1"]

1. d4 Nf6 2. Nf3 d5 3. Bf4 e6 4. e3 Bd6 5. Bg3 0-0 6. c4 Ne4 7. Nc3 Nxg3 8. hxg3 c6 9. Qc2 g6 10. 0-0-0 f5 11. Ne5 Nd7 12. Nxd7 Bxd7 13. f4 b5 14. c5 Bc7 15. g4 Ba5 16. g5 Bxc3 17. Qxc3 a5 18. Qe1 Bc8 19. Rh6 Ra7 20. Bd3 b4 21. Qe2 a4 22. Rdh1 Rff7 23. Kd1 Qa5 24. Qd2 Ba6 25. Ke2 Bxd3+ 26. Qxd3 Qa6 27. Qxa6 Rxa6 28. g3 Raa7 29. Kd2 Rfb7 30. Ra1 a3 31. b3 Kg7 32. Rah1 Kg8 33. g4 Re7 34. Ke2 Rf7 35. Kf3 Rfe7 36. R6h2 Rf7 37. Ke2 Rfe7 38. Rg1 Rf7 39. Kd2 Rfe7 40. gxf5 exf5 41. Rh3 Rf7 42. Rgh1 Rfe7 43. Rg3 Kh8 44. Rgh3 Kg8 45. Rh6 Rf7 46. R1h3 Rfe7 47. Ke2 Rf7 48. Kf2 Rae7 49. Rh1 Re4 50. R1h3 Rfe7 51. R6h4 Rf7 52. Rh6 Rfe7 53. R6h4 Rf7 54. Ke2 Rfe7 55. Kd3 Rf7 56. Rg3 Rfe7 57. Rh2 Rf7 58. Rgh3 Rfe7 59. Re2 Rf7 60. Rh4 Rfe7 61. Rh6 Rf7 62. Reh2 Rfe7 63. R2h3 Rf7 64. Kd2 Rfe7 65. Kd3 Rf7 66. Kd2 Rfe7 67. Kd3 1/2-1/2

[Event "Titled Tuesday intern op 15th Feb Early"]
[Site "Chess.com INT"]
[Date "2022.02.15"]
[Round "4"]
[White "Alavi, Sayed Javad"]
[Black "Niemann, Hans Moke"]
[Result "0-1"]
[WhiteElo "2446"]
[BlackElo "2642"]
[PlyCount "52"]
[EventDate "2022.02.15"]
[EventType "swiss (blitz)"]
[EventRounds "11"]
[EventCountry "USA"]
[SourceTitle "CBM 206 Extra"]
[Source "ChessBase"]
[SourceDate "2022.03.31"]
[SourceVersion "1"]
[SourceVersionDate "2022.03.31"]
[SourceQuality "1"]

1. e4 c5 2. Nf3 Nc6 3. Bb5 e6 4. 0-0 Nge7 5. Re1 a6 6. Bxc6 Nxc6 7. d4 cxd4 8. Nxd4 Be7 9. Nxc6 dxc6 10. Qg4 Kf8 11. e5 h5 12. Qe2 c5 13. Nc3 Bd7 14. h3 Bc6 15. Bf4 Qd4 16. Bh2 Rh6 17. Rad1 Qb4 18. Rd3 h4 19. b3 Rg6 20. Ne4 Kg8 21. c4 b5 22. Rc1 bxc4 23. Rxc4 Qb6 24. a4 Bd5 25. Rcc3 c4 26. a5 cxd3 0-1

[Event "Titled Tuesday intern op 15th Feb Early"]
[Site "Chess.com INT"]
[Date "2022.02.15"]
[Round "1"]
[White "Polster, Christian"]
[Black "Alavi, Sayed Javad"]
[Result "0-1"]
[WhiteElo "2232"]
[BlackElo "2446"]
[PlyCount "48"]
[EventDate "2022.02.15"]
[EventType "swiss (blitz)"]
[EventRounds "11"]
[EventCountry "USA"]
[SourceTitle "CBM 206 Extra"]
[Source "ChessBase"]
[SourceDate "2022.03.31"]
[SourceVersion "1"]
[SourceVersionDate "2022.03.31"]
[SourceQuality "1"]

1. e4 c6 2. Nc3 d5 3. Nf3 dxe4 4. Nxe4 Nf6 5. Nxf6+ exf6 6. d4 Bd6 7. Bd3 0-0 8. 0-0 Bg4 9. h3 Bh5 10. Re1 Nd7 11. c4 a5 12. Be3 a4 13. Be2 a3 14. b3 Re8 15. c5 Bc7 16. b4 f5 17. Qb3 Nf6 18. Bg5 h6 19. Bxf6 Qxf6 20. Rad1 Re4 21. d5 cxd5 22. Qxd5 Rxb4 23. Nd4 Bxe2 24. Rxe2 Rd8 0-1

[Event "Titled Tuesday intern op 15th Feb Early"]
[Site "Chess.com INT"]
[Date "2022.02.15"]
[Round "8"]
[White "Rakhimgaliyev, Yerlan"]
[Black "Alavi, Sayed Javad"]
[Result "0-1"]
[WhiteElo "2279"]
[BlackElo "2446"]
[PlyCount "92"]
[EventDate "2022.02.15"]
[EventType "swiss (blitz)"]
[EventRounds "11"]
[EventCountry "USA"]
[SourceTitle "CBM 206 Extra"]
[Source "ChessBase"]
[SourceDate "2022.03.31"]
[SourceVersion "1"]
[SourceVersionDate "2022.03.31"]
[SourceQuality "1"]

1. e4 c5 2. Nf3 e6 3. c3 Nf6 4. e5 Nd5 5. d4 cxd4 6. cxd4 d6 7. Bd3 dxe5 8. dxe5 Nb4 9. Bb5+ Bd7 10. Bc4 Qc7 11. Bb3 Qxc1 12. Qxc1 Nd3+ 13. Ke2 Nxc1+ 14. Rxc1 Na6 15. Nc3 Nc5 16. Bc2 Rc8 17. b4 Na6 18. Be4 Bxb4 19. Bxb7 Rxc3 20. Bxa6 0-0 21. Rxc3 Bxc3 22. Rc1 Ba5 23. Nd4 g5 24. Nc6 Bb6 25. Nxa7 Ra8 26. Nc8 Rxa6 27. Nxb6 Rxb6 28. Rc7 Bb5+ 29. Kf3 Kg7 30. Kg4 Kg6 31. h4 Be2+ 32. f3 Rb4+ 33. Kg3 gxh4+ 34. Kh3 Rb2 35. Ra7 Bf1 36. Kxh4 Bxg2 37. Kg3 Bh1 38. Ra4 Rg2+ 39. Kh3 h5 40. Rf4 Rg5 41. Kh2 Bxf3 42. a4 Bd5 43. a5 Rxe5 44. a6 Re2+ 45. Kh3 Re3+ 46. Kh4 Re4 0-1

[Event "Yerevan Margaryan Memorial-A"]
[Site "Yerevan"]
[Date "2022.01.17"]
[Round "9"]
[White "Alavi, Sayed Javad"]
[Black "Danielyan, Vahe"]
[Result "1-0"]
[WhiteElo "2455"]
[BlackElo "2332"]
[PlyCount "55"]
[EventDate "2022.01.09"]
[EventType "tourn"]
[EventRounds "9"]
[EventCountry "ARM"]
[EventCategory "9"]
[SourceTitle "CBM 206 Extra"]
[Source "ChessBase"]
[SourceDate "2022.03.31"]
[SourceVersion "1"]
[SourceVersionDate "2022.03.31"]
[SourceQuality "1"]

1. d4 Nf6 2. Nf3 g6 3. c4 Bg7 4. g3 b6 5. Bg2 Bb7 6. 0-0 0-0 7. Nc3 Ne4 8. Nxe4 Bxe4 9. Be3 d5 10. Rc1 Nc6 11. Qd2 Re8 12. b3 a5 13. Rfd1 a4 14. Ne1 Bxg2 15. Nxg2 axb3 16. axb3 Ra3 17. cxd5 Qxd5 18. Qc3 Na5 19. Qxc7 Nxb3 20. Nf4 Qb5 21. Rb1 e5 22. dxe5 Bxe5 23. Qxb6 Qxb6 24. Bxb6 Bxf4 25. gxf4 Rxe2 26. Rd8+ Kg7 27. Rd3 Nd2 28. Bd4+ 1-0

[Event "Yerevan Margaryan Memorial-A"]
[Site "Yerevan"]
[Date "2022.01.12"]
[Round "4"]
[White "Makarian, Rudik"]
[Black "Alavi, Sayed Javad"]
[Result "0-1"]
[WhiteElo "2517"]
[BlackElo "2455"]
[PlyCount "80"]
[EventDate "2022.01.09"]
[EventType "tourn"]
[EventRounds "9"]
[EventCountry "ARM"]
[EventCategory "9"]
[SourceTitle "CBM 206 Extra"]
[Source "ChessBase"]
[SourceDate "2022.03.31"]
[SourceVersion "1"]
[SourceVersionDate "2022.03.31"]
[SourceQuality "1"]

1. d4 Nf6 2. c4 e6 3. Nf3 d5 4. g3 Bb4+ 5. Bd2 Be7 6. Bg2 0-0 7. 0-0 c6 8. Bf4 Nbd7 9. Nc3 dxc4 10. e4 Bb4 11. Qc2 b5 12. Ng5 h6 13. e5 hxg5 14. Bxg5 Bb7 15. exf6 Nxf6 16. Ne4 Be7 17. Nc5 Qc7 18. a4 a6 19. Rfe1 Rfd8 20. Bh3 Bxc5 21. dxc5 Qe7 22. Bg2 Qxc5 23. Bxf6 gxf6 24. Rxe6 fxe6 25. Qg6+ Kf8 26. Qxf6+ Ke8 27. Qxe6+ Qe7 28. Qg4 Rd6 29. axb5 axb5 30. Qg8+ Qf8 31. Re1+ Kd7 32. Qh7+ Kc8 33. Re7 Ra1+ 34. Bf1 Qd8 35. Rxb7 Rdd1 36. Rg7 Rxf1+ 37. Kg2 Rfe1 38. Qg6 Qd5+ 39. f3 Re2+ 40. Kh3 Qe6+ 0-1

[Event "Yerevan Margaryan Memorial-A"]
[Site "Yerevan"]
[Date "2022.01.10"]
[Round "2"]
[White "Alavi, Sayed Javad"]
[Black "Sturua, Zurab"]
[Result "0-1"]
[WhiteElo "2455"]
[BlackElo "2529"]
[PlyCount "90"]
[EventDate "2022.01.09"]
[EventType "tourn"]
[EventRounds "9"]
[EventCountry "ARM"]
[EventCategory "9"]
[SourceTitle "CBM 206 Extra"]
[Source "ChessBase"]
[SourceDate "2022.03.31"]
[SourceVersion "1"]
[SourceVersionDate "2022.03.31"]
[SourceQuality "1"]

1. d4 Nf6 2. c4 e6 3. Nc3 Bb4 4. Qc2 d5 5. cxd5 Qxd5 6. e3 c5 7. Bd2 Bxc3 8. bxc3 b6 9. f3 Qc6 10. a4 0-0 11. Bb5 Qc7 12. Ne2 cxd4 13. exd4 Nc6 14. 0-0 e5 15. Bg5 Nxd4 16. Nxd4 exd4 17. Bxf6 gxf6 18. Qe4 dxc3 19. Qxa8 Bb7 20. Qxa7 Ra8 21. Qxa8+ Bxa8 22. Rac1 Qc5+ 23. Kh1 Bd5 24. Bd3 Kg7 25. Bb5 Bb3 26. Rfe1 Qd4 27. Rb1 c2 28. Rbc1 Qd2 29. Bc6 f5 30. Bb5 Kf6 31. Bc6 Kg5 32. Rf1 Bc4 33. f4+ Kf6 34. Rfe1 Bd3 35. Kg1 Qxf4 36. Kh1 Qd2 37. Bf3 Be4 38. Rf1 Ke5 39. Rce1 f6 40. h3 Kd4 41. Rd1 cxd1Q 42. Rxd1 Ke3 43. Rxd2 Kxd2 44. Bh5 Bc6 45. Kh2 Bxa4 0-1

[Event "Titled Tuesday intern op 16th Nov"]
[Site "Chess.com INT"]
[Date "2021.11.16"]
[Round "3"]
[White "Alavi, Sayed Javad"]
[Black "Ansh, M Shah"]
[Result "1-0"]
[WhiteElo "2455"]
[BlackElo "2094"]
[PlyCount "39"]
[EventDate "2021.11.16"]
[EventType "swiss (blitz)"]
[EventRounds "11"]
[EventCountry "USA"]
[SourceTitle "CBM 205 Extra"]
[Source "ChessBase"]
[SourceDate "2022.01.31"]
[SourceVersion "1"]
[SourceVersionDate "2022.01.31"]
[SourceQuality "1"]

1. d4 Nf6 2. c4 g6 3. g3 Bg7 4. Bg2 0-0 5. Nf3 c6 6. 0-0 d5 7. cxd5 cxd5 8. Ne5 Nc6 9. Nc3 Bf5 10. Bf4 Qb6 11. Na4 Qxd4 12. Nxc6 Qxd1 13. Nxe7+ Kh8 14. Rfxd1 Bd7 15. Nc5 Be6 16. Nxd5 Bxd5 17. Bxd5 Nxd5 18. Rxd5 Bxb2 19. Rb1 Bf6 20. Nd7 1-0

[Event "Titled Tuesday intern op 16th Nov"]
[Site "Chess.com INT"]
[Date "2021.11.16"]
[Round "4"]
[White "Bures, Vit"]
[Black "Alavi, Sayed Javad"]
[Result "0-1"]
[WhiteElo "2111"]
[BlackElo "2455"]
[PlyCount "62"]
[EventDate "2021.11.16"]
[EventType "swiss (blitz)"]
[EventRounds "11"]
[EventCountry "USA"]
[SourceTitle "CBM 205 Extra"]
[Source "ChessBase"]
[SourceDate "2022.01.31"]
[SourceVersion "1"]
[SourceVersionDate "2022.01.31"]
[SourceQuality "1"]

1. d4 Nf6 2. c4 e6 3. Nc3 d5 4. cxd5 Nxd5 5. e4 Nxc3 6. bxc3 c5 7. Nf3 cxd4 8. cxd4 Bb4+ 9. Bd2 Bxd2+ 10. Qxd2 0-0 11. Bc4 Nd7 12. 0-0 b6 13. Rfe1 Bb7 14. Rad1 Rc8 15. Bb3 Re8 16. Qf4 Nf6 17. Ne5 Qd6 18. Qh4 Qb4 19. Re3 Rc3 20. Rxc3 Qxc3 21. f3 a5 22. Qg5 b5 23. Rc1 Qxd4+ 24. Kh1 a4 25. Bd1 Qf2 26. h3 Rd8 27. Kh2 h6 28. Qf4 Bxe4 29. Nxf7 Kxf7 30. Rc7+ Kg8 31. Rxg7+ Kxg7 0-1

[Event "Titled Tuesday intern op 16th Nov"]
[Site "Chess.com INT"]
[Date "2021.11.16"]
[Round "7"]
[White "Martinez Alcantara, Jose Eduardo"]
[Black "Alavi, Sayed Javad"]
[Result "1-0"]
[WhiteElo "2608"]
[BlackElo "2455"]
[PlyCount "73"]
[EventDate "2021.11.16"]
[EventType "swiss (blitz)"]
[EventRounds "11"]
[EventCountry "USA"]
[SourceTitle "CBM 205 Extra"]
[Source "ChessBase"]
[SourceDate "2022.01.31"]
[SourceVersion "1"]
[SourceVersionDate "2022.01.31"]
[SourceQuality "1"]

1. e4 e5 2. Nf3 Nc6 3. Bb5 a6 4. Ba4 d6 5. c3 Bd7 6. d4 g6 7. Be3 Bg7 8. Nbd2 Nge7 9. h4 h6 10. Nf1 0-0 11. Ng3 exd4 12. cxd4 Bg4 13. Qd2 h5 14. Bb3 d5 15. e5 Nf5 16. Nxf5 Bxf5 17. Bc2 Ne7 18. Bh6 Qd7 19. Bxg7 Kxg7 20. Bxf5 Nxf5 21. Rc1 Qb5 22. Rc5 Qd7 23. 0-0 c6 24. a4 Rfe8 25. a5 Qe7 26. g3 f6 27. Rc3 fxe5 28. dxe5 Rad8 29. Rb3 d4 30. Re1 c5 31. Rb6 c4 32. Re4 d3 33. Rxc4 Rf8 34. Ng5 Qxe5 35. Rc7+ Qxc7 36. Ne6+ Kh7 37. Nxc7 1-0

[Event "Titled Tuesday intern op 09th Nov"]
[Site "Chess.com INT"]
[Date "2021.11.09"]
[Round "2"]
[White "Alavi, Sayed Javad"]
[Black "Lauridsen, Jesper Morch"]
[Result "1-0"]
[WhiteElo "2455"]
[BlackElo "2215"]
[PlyCount "65"]
[EventDate "2021.11.09"]
[EventType "swiss (blitz)"]
[EventRounds "11"]
[EventCountry "USA"]
[SourceTitle "CBM 205 Extra"]
[Source "ChessBase"]
[SourceDate "2022.01.31"]
[SourceVersion "1"]
[SourceVersionDate "2022.01.31"]
[SourceQuality "1"]

1. d4 d5 2. c4 e6 3. Nc3 Bb4 4. cxd5 exd5 5. Bf4 Nf6 6. e3 0-0 7. Bd3 c5 8. dxc5 Nbd7 9. a3 Bxc3+ 10. bxc3 Nxc5 11. Bc2 Qa5 12. Ne2 Nfe4 13. 0-0 Nxc3 14. Nxc3 Qxc3 15. Rc1 Qf6 16. Qxd5 Ne6 17. Qe4 g6 18. Be5 Qe7 19. Rfd1 Ng5 20. Qf4 Ne6 21. Qh6 Qg5 22. Qxg5 Nxg5 23. h4 Ne6 24. Be4 Rd8 25. Bf6 Re8 26. g3 a5 27. a4 Ra6 28. Bd3 Rc6 29. Bb5 Rxc1 30. Rxc1 Rf8 31. Be7 Kg7 32. Bxf8+ Nxf8 33. Rxc8 1-0

[Event "Titled Tuesday intern op 09th Nov"]
[Site "Chess.com INT"]
[Date "2021.11.09"]
[Round "7"]
[White "Pires, Marcos Vinicius Tor"]
[Black "Alavi, Sayed Javad"]
[Result "0-1"]
[WhiteElo "2302"]
[BlackElo "2455"]
[PlyCount "148"]
[EventDate "2021.11.09"]
[EventType "swiss (blitz)"]
[EventRounds "11"]
[EventCountry "USA"]
[SourceTitle "CBM 205 Extra"]
[Source "ChessBase"]
[SourceDate "2022.01.31"]
[SourceVersion "1"]
[SourceVersionDate "2022.01.31"]
[SourceQuality "1"]

1. d4 d5 2. Bf4 Nf6 3. e3 e6 4. Nf3 Bd6 5. Bg3 0-0 6. Nbd2 c5 7. c3 Qc7 8. Bd3 Nbd7 9. Bxd6 Qxd6 10. 0-0 e5 11. dxe5 Nxe5 12. Nxe5 Qxe5 13. Nf3 Qe7 14. h3 b6 15. a4 Bb7 16. a5 Rab8 17. axb6 axb6 18. Ba6 Rfd8 19. Bxb7 Rxb7 20. Qb3 h5 21. Rfd1 b5 22. Qc2 Ne4 23. Nd2 Nf6 24. Qf5 g6 25. Qf4 Kg7 26. Nf3 Qe4 27. Qxe4 Nxe4 28. Ne5 Nf6 29. Nd3 Rc8 30. b4 cxb4 31. cxb4 Rc4 32. Rab1 Rb6 33. Nf4 Rd6 34. f3 d4 35. Rd3 Nd5 36. Nxd5 Rxd5 37. Kf2 dxe3+ 38. Kxe3 Rxd3+ 39. Kxd3 h4 40. Rb2 Kf6 41. Rb1 g5 42. Rb2 Kg6 43. Rb1 f6 44. Rb2 Kf5 45. Ke3 Rc3+ 46. Kd4 Rc4+ 47. Kd5 Kf4 48. Ke6 f5 49. Kf6 g4 50. fxg4 fxg4 51. hxg4 Kxg4 52. Ke5 Kg3 53. Kd5 Rc1 54. Re2 Rc4 55. Rb2 Kh2 56. Ke5 Rg4 57. Kd5 Rxg2 58. Rb1 h3 59. Kc5 Rg5+ 60. Kb6 Kg2 61. Rb2+ Kg3 62. Rb3+ Kh4 63. Rb1 h2 64. Rd1 Rg1 65. Rd8 h1Q 66. Rh8+ Kg5 67. Rxh1 Rxh1 68. Kxb5 Kf6 69. Kc6 Ke6 70. b5 Rc1+ 71. Kb7 Kd7 72. b6 Rb1 73. Ka7 Kc6 74. b7 Rxb7+ 0-1

[Event "Titled Tuesday intern op 02nd Nov"]
[Site "Chess.com INT"]
[Date "2021.11.02"]
[Round "4"]
[White "Altman, Joshua"]
[Black "Alavi, Sayed Javad"]
[Result "0-1"]
[WhiteElo "2071"]
[BlackElo "2455"]
[PlyCount "80"]
[EventDate "2021.11.02"]
[EventType "swiss (blitz)"]
[EventRounds "11"]
[EventCountry "USA"]
[SourceTitle "CBM 205 Extra"]
[Source "ChessBase"]
[SourceDate "2022.01.31"]
[SourceVersion "1"]
[SourceVersionDate "2022.01.31"]
[SourceQuality "1"]

1. d4 d5 2. c4 c6 3. cxd5 cxd5 4. Nf3 Nf6 5. Nc3 Nc6 6. Bf4 a6 7. Rc1 Bg4 8. e3 Bxf3 9. Qxf3 e6 10. Bd3 Bd6 11. Bxd6 Qxd6 12. 0-0 0-0 13. Rfd1 Rac8 14. a3 Rc7 15. Na4 Rfc8 16. Nc5 a5 17. Qe2 b6 18. Na4 Nxd4 19. Qd2 Nb3 20. Rxc7 Rxc7 21. Qe2 h5 22. h3 Nc5 23. Nxc5 Qxc5 24. Rd2 g6 25. Rc2 Qd6 26. Rd2 Rc1+ 27. Rd1 Rxd1+ 28. Qxd1 Kg7 29. Qb3 Qc5 30. a4 Nd7 31. Bf1 Ne5 32. Qd1 Nc4 33. b3 Nd6 34. Qd3 Ne4 35. f3 Nd6 36. Kf2 h4 37. Be2 Nf5 38. Qd2 d4 39. exd4 Nxd4 40. Qe3 Nxb3 0-1

[Event "Titled Tuesday intern op 02nd Nov"]
[Site "Chess.com INT"]
[Date "2021.11.02"]
[Round "2"]
[White "Jain, Naveen"]
[Black "Alavi, Sayed Javad"]
[Result "0-1"]
[WhiteElo "2032"]
[BlackElo "2455"]
[PlyCount "78"]
[EventDate "2021.11.02"]
[EventType "swiss (blitz)"]
[EventRounds "11"]
[EventCountry "USA"]
[SourceTitle "CBM 205 Extra"]
[Source "ChessBase"]
[SourceDate "2022.01.31"]
[SourceVersion "1"]
[SourceVersionDate "2022.01.31"]
[SourceQuality "1"]

1. c4 e6 2. g3 d5 3. Bg2 Nf6 4. Nf3 Be7 5. 0-0 0-0 6. b3 c5 7. cxd5 Nxd5 8. d4 Nc6 9. Bb2 cxd4 10. Nxd4 Bd7 11. Nc3 Nxc3 12. Bxc3 Rc8 13. e3 Qb6 14. Nxc6 Bxc6 15. Qg4 g6 16. Bd4 Qa5 17. Bxc6 Rxc6 18. h4 Rfc8 19. a4 a6 20. h5 Qxh5 21. Qxh5 gxh5 22. Rab1 h4 23. g4 Rc2 24. Kg2 h6 25. Kf3 Kh7 26. b4 Kg6 27. b5 a5 28. b6 R8c4 29. Ra1 Bd6 30. Bh8 Rc8 31. Bd4 e5 32. Bxe5 Bxe5 33. Rad1 R8c6 34. Rd5 Bf6 35. Rb5 Rb2 36. Rxa5 Rcxb6 37. Rh5 Bg5 38. Ke4 R6b4+ 39. Kf3 Rxa4 0-1